01534 2200241 4500001002100000005001500021007000300036008004100039020002200080035002000102082001000122084001600132100001200148245002600160250001100186260004400197300003200241520095000273650001801223650001001241700002401251990001701275INLIS00000000000224720260416090647ta260416 g f ind  a978-602-7742-27-7 a0010-0426000004 a82-31 a82-31 ORI o0 aOrizuka1 aOppa & I : Love Signs aCet. 1 aJakarta Selatan :bPenerbit Haru,c2013 a220 hlm :bilus. ;c13 x 19 aNovel ini merupakan kelanjutan dari kisah si kembar Park Hyung-na dan Park Hyung-jun dalam seri Oppa & I. Setelah melalui berbagai dinamika di buku pertama, kini kehidupan mereka memasuki babak baru yang lebih kompleks di bangku perkuliahan dan dunia profesional. Park Hyung-na kini telah menjadi mahasiswa tahun kedua. Namun, kehidupannya tidak menjadi lebih mudah. Ia harus menghadapi kenyataan bahwa hubungannya dengan sang kekasih mulai diuji oleh jarak dan kesibukan. Di saat yang sama, ia tetap harus berperan sebagai pendukung sekaligus "penjaga" bagi saudara kembarnya yang semakin populer. "Love Signs" menyoroti pencarian tanda-tanda cinta di tengah ketidakpastian. Apakah kecemburuan adalah tanda sayang? Apakah jarak merupakan tanda perpisahan? Dengan gaya bahasa yang ringan dan penuh nuansa Korea, novel ini mengeksplorasi bagaimana ikatan persaudaraan kembar ini diuji saat mereka mulai mengejar cinta dan impian masing-masing. 4aFIKSI ROMANSA 4aNOVEL0 aIndra Andriana, Lia a4047/BBPP/26